000
00209 a2200097 4500
001
2556
100
_a
Speer, Albert
245
_a
Inside the third reich
260
_a
NY
_b
Avon books
_c
1982
090
_c
1852
_d
1852
942
_a
NUST-CAE
_c
_c
9469
999
_c
237629
_d
237629